000
00221 a2200097 4500
020
_a
9780008800543
100
_a
Martha Deiros Collado
245
_a
The smartphone solution
260
_b
Harper Collins
_c
2025
942
_c
OO
999
_c
115675
_d
115674